000 00315nam a22001337a 4500
008 170606b xxu||||| |||| 00| 0 eng d
020 _a9780131401938
041 _aeng
080 _27TH
_a327
100 _a18
101 _aSHP
245 _aPOLITICS AND CHANGE IN THE MIDDLE EAST
_cANDERSEN,R.R
942 _2udc
_cBK
999 _c16192
_d16192